Famous Actors By Childhood Photo - Statistics

General Stats
  • This quiz has been taken 202 times
  • The average score is 8 of 16
Answer Stats
Picture Answer % Correct
Leonardo DiCaprio
96%
Will Smith
88%
Zendaya
76%
George Clooney
68%
Denzel Washington
63%
Jennifer Lawrence
55%
Julia Roberts
55%
Jackie Chan
52%
Tom Cruise
49%
Robin Williams
40%
Michael B Jordan
35%
River Phoenix
30%
Tom Hardy
29%
Matthew McConaughey
27%
Keanu Reeves
24%
Robert De Niro
8%
No matching quizzes found
Score Distribution
Percent of People with Each Score
Percentile by Number Answered
Your Score History
You have not taken this quiz